[Event "GBR-ch105 Seniors 65"]
[Site "Hull"]
[Date "2018.08.03"]
[Round "6.3"]
[White "Jackson, Oliver A"]
[Black "Anderton, David W"]
[Result "1/2-1/2"]
[WhiteElo "2143"]
[BlackElo "2084"]
[PlyCount "100"]
[EventDate "2018.07.29"]
[EventType "swiss"]
[EventRounds "7"]
[EventCountry "GBR"]

1. e4 e6 2. d4 d5 3. Nc3 Bb4 4. e5 c5 5. a3 Bxc3+ 6. bxc3 Qa5 7. Bd2 Qa4 8. Qg4
g6 9. Qd1 b6 10. h4 Ba6 11. Bxa6 Nxa6 12. h5 cxd4 13. hxg6 fxg6 14. Qg4 Ne7 15.
Bg5 Qxc2 16. Ne2 d3 17. O-O Nc5 18. Nd4 Qa4 19. Bf6 h5 20. Qh3 Rh7 21. Nxe6
Nxe6 22. Qxe6 Qd7 23. Qxd7+ Kxd7 24. Rad1 Ke6 25. Rxd3 Rd8 26. Rfd1 Rd7 27. c4
d4 28. Rxd4 Rxd4 29. Rxd4 Nf5 30. Re4 Rd7 31. g4 hxg4 32. Rxg4 Rd1+ 33. Kg2 Kf7
34. c5 bxc5 35. Rc4 Rd5 36. Kf3 Rd3+ 37. Ke4 Rxa3 38. Rxc5 Ra6 39. Kd5 Ne7+ 40.
Kc4 Ke6 41. Bxe7 Kxe7 42. Kd5 Kd7 43. f4 Rb6 44. Ke4 a6 45. Kf3 Rb5 46. Rc4 g5
47. fxg5 Rxe5 48. Kf4 Re1 49. Ra4 Ke7 50. Rxa6 Kf7 1/2-1/2

[Event "GBR-ch105 Seniors 65"]
[Site "Hull"]
[Date "2018.08.03"]
[Round "6.4"]
[White "Kelly, Ian G"]
[Black "Shephard, Chris CW"]
[Result "1/2-1/2"]
[WhiteElo "1985"]
[BlackElo "2201"]
[PlyCount "57"]
[EventDate "2018.07.29"]
[EventType "swiss"]
[EventRounds "7"]
[EventCountry "GBR"]

1. Nf3 Nf6 2. c4 e6 3. g3 d5 4. b3 Be7 5. Bg2 O-O 6. O-O c5 7. e3 Nc6 8. Bb2 b6
9. Qe2 Bb7 10. Rd1 Qc7 11. Nc3 Rad8 12. cxd5 exd5 13. d4 Qc8 14. dxc5 bxc5 15.
Rac1 Ba6 16. Qc2 d4 17. exd4 Nxd4 18. Nxd4 cxd4 19. Ne4 Qxc2 20. Rxc2 Nxe4 21.
Bxe4 Bf6 22. Rcd2 Rfe8 23. Bf3 Rd6 24. h4 Red8 25. Ba3 R6d7 26. Bb2 h6 27. Bg2
g6 28. Bf1 Bb7 29. Bg2 1/2-1/2

[Event "GBR-ch105 Seniors 65"]
[Site "Hull"]
[Date "2018.08.03"]
[Round "6.5"]
[White "Crombleholme, Alan K"]
[Black "Habershon, Paul F"]
[Result "0-1"]
[WhiteElo "1974"]
[BlackElo "2023"]
[PlyCount "66"]
[EventDate "2018.07.29"]
[EventType "swiss"]
[EventRounds "7"]
[EventCountry "GBR"]

1. Nf3 d5 2. c4 e6 3. g3 Nf6 4. Bg2 Be7 5. b3 O-O 6. O-O c5 7. Bb2 Nc6 8. e3 b6
9. Nc3 Bb7 10. cxd5 exd5 11. d4 Ne4 12. Qe2 Nb4 13. Rfd1 Ba6 14. Nb5 c4 15.
bxc4 dxc4 16. Nc3 Rc8 17. Ne5 Nxc3 18. Bxc3 Nd5 19. Qb2 f6 20. Nf3 b5 21. a3
Nb6 22. d5 Na4 23. Qd2 Bd6 24. Nd4 Qd7 25. f4 Bb7 26. Nc6 a6 27. Bb4 Rfe8 28.
Qd4 Bxb4 29. axb4 Bxc6 30. dxc6 Qe7 31. Bd5+ Kh8 32. Bxc4 bxc4 33. Rxa4 Rcd8
0-1

[Event "GBR-ch105 Seniors 65"]
[Site "Hull"]
[Date "2018.08.03"]
[Round "6.6"]
[White "Myall, Ivan J"]
[Black "Jones, Chris"]
[Result "0-1"]
[WhiteElo "2007"]
[BlackElo "2007"]
[PlyCount "68"]
[EventDate "2018.07.29"]
[EventType "swiss"]
[EventRounds "7"]
[EventCountry "GBR"]

1. d4 d5 2. Bf4 Nf6 3. e3 c5 4. c3 Nc6 5. Nd2 Qb6 6. Qb3 c4 7. Qxb6 axb6 8. e4
b5 9. e5 Nd7 10. Be2 Nb6 11. Bf3 b4 12. Ne2 h6 13. h4 Bf5 14. g4 Bd3 15. Nc1
Bc2 16. Nf1 bxc3 17. bxc3 e6 18. Kd2 Bh7 19. Bd1 Ba3 20. Bc2 Bb2 21. Rb1 Bxc1+
22. Kxc1 Bxc2 23. Rxb6 Be4 24. Rh2 Rxa2 25. Nd2 Rc2+ 26. Kd1 Rxc3 27. Nxe4 dxe4
28. Rxb7 Rd3+ 29. Kc1 O-O 30. d5 Rxd5 31. Rc7 Nd4 32. Be3 Nf3 33. Rg2 Nxe5 34.
h5 Nd3+ 0-1

[Event "GBR-ch105 Seniors 65"]
[Site "Hull"]
[Date "2018.08.03"]
[Round "6.7"]
[White "Friedgood, David"]
[Black "Atkinson, John W"]
[Result "1-0"]
[WhiteElo "2188"]
[BlackElo "1975"]
[PlyCount "47"]
[EventDate "2018.07.29"]
[EventType "swiss"]
[EventRounds "7"]
[EventCountry "GBR"]

1. c4 f5 2. Nf3 Nf6 3. g3 e6 4. Bg2 Be7 5. O-O O-O 6. d4 d6 7. b4 Ne4 8. Qc2 a5
9. b5 a4 10. Nbd2 Nxd2 11. Bxd2 c6 12. Rab1 Nd7 13. bxc6 bxc6 14. e4 Qc7 15.
exf5 exf5 16. Rfe1 Qd8 17. h4 h6 18. Bh3 Nf6 19. Bxf5 Kh8 20. Bxc8 Rxc8 21. Rb7
Rc7 22. Ba5 Ne8 23. Bxc7 Nxc7 24. Qe4 1-0

[Event "GBR-ch105 Seniors 65"]
[Site "Hull"]
[Date "2018.08.03"]
[Round "6.8"]
[White "Valentine, Brian J"]
[Black "Surtees, Michael J"]
[Result "0-1"]
[WhiteElo "1935"]
[BlackElo "2146"]
[PlyCount "142"]
[EventDate "2018.07.29"]
[EventType "swiss"]
[EventRounds "7"]
[EventCountry "GBR"]

1. e4 c6 2. d4 d5 3. Nd2 g6 4. Ngf3 Bg7 5. c3 Nh6 6. Bd3 f6 7. O-O Nf7 8. Re1
O-O 9. Nf1 e5 10. dxe5 fxe5 11. h3 a5 12. Ne3 Be6 13. Bc2 Na6 14. Ng4 Bxg4 15.
hxg4 Qd7 16. Be3 Qxg4 17. exd5 Rfd8 18. Bb3 a4 19. Bxa4 Rxd5 20. Qc2 e4 21. Nd2
Re8 22. f3 exf3 23. Nxf3 Rd7 24. Bb3 Kh8 25. Qf2 Rf8 26. Bd4 Ng5 27. Kh1 Bxd4
28. cxd4 Nb4 29. Rad1 Nxf3 30. gxf3 Qh3+ 31. Qh2 Qxf3+ 32. Kg1 Nd5 33. Qe5+ Rg7
34. Rf1 Qg4+ 35. Kh1 Qh3+ 36. Kg1 Qg4+ 37. Kh1 Qh4+ 38. Kg1 Rfg8 39. Bxd5 cxd5
40. Qxd5 h5 41. Qe5 Kh7 42. Qf4 Qd8 43. d5 Re8 44. Rf2 Qb6 45. Kg2 Rd7 46. Qd4
Qxd4 47. Rxd4 Re5 48. d6 Re6 49. Rc2 Kh6 50. Rc7 Rdxd6 51. Rxd6 Rxd6 52. Rxb7
g5 53. a4 Rd2+ 54. Kg1 h4 55. a5 Rd1+ 56. Kg2 Ra1 57. Rb6+ Kh5 58. a6 Ra2 59.
Kh2 Kg4 60. Rb4+ Kf3 61. Rb3+ Kg4 62. Rb4+ Kh5 63. Rb6 Ra5 64. b4 Ra2+ 65. Kg1
Kg4 66. Rc6 Ra3 67. b5 Kg3 68. Rc1 h3 69. Rb1 h2+ 70. Kh1 Kh3 71. a7 g4 0-1

[Event "GBR-ch105 Seniors 65"]
[Site "Hull"]
[Date "2018.08.03"]
[Round "6.9"]
[White "Gregg, Alan M"]
[Black "Norman, Kenneth I"]
[Result "1/2-1/2"]
[WhiteElo "1960"]
[BlackElo "2094"]
[PlyCount "94"]
[EventDate "2018.07.29"]
[EventType "swiss"]
[EventRounds "7"]
[EventCountry "GBR"]

1. e4 e5 2. Nf3 Nc6 3. Bb5 a6 4. Ba4 Nf6 5. O-O b5 6. Bb3 Be7 7. Re1 d6 8. c3
O-O 9. h3 Bb7 10. d3 Na5 11. Bc2 c5 12. Nbd2 Re8 13. Nf1 h6 14. Ng3 Bf8 15. a4
Qc7 16. Bd2 Nc6 17. Bb3 Rad8 18. axb5 axb5 19. c4 bxc4 20. dxc4 g6 21. Ba4 Re7
22. Bb5 Bg7 23. Bc3 Rf8 24. Bxc6 Bxc6 25. Qd3 Rd7 26. Nd2 Qb7 27. f3 Ra8 28.
Ndf1 Ne8 29. Ne3 Rdd8 30. Nc2 Qb3 31. Nf1 Rxa1 32. Rxa1 Ra8 33. Na3 h5 34. Qd1
Qxd1 35. Rxd1 Bh6 36. Kf2 Kf8 37. Ne3 Bxe3+ 38. Kxe3 Ke7 39. g4 hxg4 40. hxg4
Nc7 41. Rh1 Ne6 42. Rh2 Rb8 43. Nb1 Ba4 44. Nd2 Bc6 45. Nb1 Nf4 46. Rh1 Ng2+
47. Kf2 Nf4 1/2-1/2

[Event "GBR-ch105 Seniors 65"]
[Site "Hull"]
[Date "2018.08.03"]
[Round "6.10"]
[White "Pickersgill, Adrian O"]
[Black "Feavyour, John A"]
[Result "1-0"]
[WhiteElo "1919"]
[BlackElo "1980"]
[PlyCount "73"]
[EventDate "2018.07.29"]
[EventType "swiss"]
[EventRounds "7"]
[EventCountry "GBR"]

1. e4 c5 2. Nc3 Nc6 3. f4 e6 4. Nf3 d5 5. Bb5 Nge7 6. d3 d4 7. Bxc6+ Nxc6 8.
Ne2 Be7 9. O-O b6 10. a3 Bb7 11. b3 Qc7 12. Bd2 O-O 13. Qe1 h6 14. Ng3 Rae8 15.
Qe2 f5 16. e5 Bd8 17. Be1 Kh7 18. Bd2 Ne7 19. Rf2 Nd5 20. Nf1 Rg8 21. h3 Ref8
22. Ng5+ Bxg5 23. fxg5 Qf7 24. h4 h5 25. Ng3 g6 26. Ne4 Qd7 27. Nf6+ Nxf6 28.
gxf6 Rf7 29. a4 a5 30. Bf4 Qd5 31. Re1 Rd8 32. Rf3 Qd7 33. Rg3 Rg8 34. Bc1 Kh8
35. Rxg6 Qe8 36. Qxh5+ Rh7 37. Qxh7+ 1-0

[Event "GBR-ch105 Seniors 65"]
[Site "Hull"]
[Date "2018.08.03"]
[Round "6.11"]
[White "Moore, Geoffrey R"]
[Black "Kendall, Paul SN"]
[Result "1/2-1/2"]
[WhiteElo "1980"]
[BlackElo "1955"]
[PlyCount "81"]
[EventDate "2018.07.29"]
[EventType "swiss"]
[EventRounds "7"]
[EventCountry "GBR"]

1. e4 c5 2. Nf3 g6 3. d4 cxd4 4. Nxd4 Bg7 5. c4 Nc6 6. Be3 Nf6 7. Nc3 O-O 8.
Be2 d6 9. f3 a5 10. Ndb5 Be6 11. O-O Ne5 12. b3 Bd7 13. Rb1 h5 14. Qd2 Kh7 15.
Rfd1 Bc6 16. Bf1 Nfd7 17. Qf2 f5 18. exf5 Rxf5 19. Nd4 Ng4 20. Qd2 Nxe3 21.
Qxe3 Re5 22. Qd2 Nc5 23. Nxc6 bxc6 24. f4 Rf5 25. g3 Qb6 26. Kh1 Qb4 27. Rbc1
Raf8 28. Bg2 e5 29. Ne2 exf4 30. Qxb4 axb4 31. gxf4 Re8 32. Ng3 Rxf4 33. Rxd6
h4 34. Nf1 Re2 35. Rxc6 Nd3 36. Rb1 Bd4 37. Rd6 Nf2+ 38. Kg1 Nh3+ 39. Kh1 Nf2+
40. Kg1 Nh3+ 41. Kh1 1/2-1/2

[Event "GBR-ch105 Seniors 65"]
[Site "Hull"]
[Date "2018.08.03"]
[Round "6.12"]
[White "Milnes, Anthony CP"]
[Black "Dennis, Nigel W"]
[Result "1/2-1/2"]
[WhiteElo "2025"]
[BlackElo "1806"]
[PlyCount "57"]
[EventDate "2018.07.29"]
[EventType "swiss"]
[EventRounds "7"]
[EventCountry "GBR"]

1. f4 d5 2. Nf3 c5 3. e3 Nf6 4. Be2 e6 5. O-O Be7 6. b3 Nc6 7. Bb2 O-O 8. Ne5
Nxe5 9. fxe5 Nd7 10. d4 cxd4 11. exd4 b6 12. Nd2 Bb7 13. Bd3 g6 14. Qg4 Bg5 15.
Nf3 Be3+ 16. Kh1 Bh6 17. Bc1 Bxc1 18. Raxc1 Qe7 19. Ng5 Rae8 20. Rce1 Bc8 21.
h4 f6 22. Nf3 fxe5 23. dxe5 Nc5 24. Bb5 Bd7 25. Bxd7 Qxd7 26. Nd4 Rxf1+ 27.
Rxf1 Qg7 28. Qf4 Nd7 29. Re1 1/2-1/2

[Event "GBR-ch105 Seniors 65"]
[Site "Hull"]
[Date "2018.08.03"]
[Round "6.13"]
[White "McKerracher, Douglas"]
[Black "Chesters, Graham"]
[Result "0-1"]
[WhiteElo "1897"]
[BlackElo "1987"]
[PlyCount "80"]
[EventDate "2018.07.29"]
[EventType "swiss"]
[EventRounds "7"]
[EventCountry "GBR"]

1. e4 c6 2. d3 d5 3. Nd2 e5 4. Ngf3 Bd6 5. g3 Nf6 6. Bg2 O-O 7. O-O Qc7 8. h3
Nbd7 9. b3 a5 10. a3 Re8 11. Bb2 b6 12. Re1 Ba6 13. d4 exd4 14. Nxd4 Rad8 15.
Nf5 Bf8 16. exd5 Rxe1+ 17. Qxe1 Re8 18. Qd1 Be2 19. Qc1 cxd5 20. Nf3 Ne4 21.
N3d4 Bh5 22. Qf1 f6 23. Rc1 Bf7 24. Qd1 Qc5 25. Qd3 g6 26. Ne3 Bh6 27. Re1 Ne5
28. Qd1 f5 29. f4 Nd7 30. Nf3 Nc3 31. Qd4 Bg7 32. Qxc5 bxc5 33. Bc1 Ne4 34. Kh2
Bc3 35. Rd1 d4 36. Nc4 Bxc4 37. bxc4 Nf2 38. Rf1 Re2 39. Ng5 Rxc2 40. Bd5+ Kh8
0-1

[Event "GBR-ch105 Seniors 65"]
[Site "Hull"]
[Date "2018.08.03"]
[Round "6.14"]
[White "Hughes, Peter"]
[Black "Clucas, Reg P"]
[Result "1/2-1/2"]
[WhiteElo "1766"]
[BlackElo "1959"]
[PlyCount "36"]
[EventDate "2018.07.29"]
[EventType "swiss"]
[EventRounds "7"]
[EventCountry "GBR"]

1. d4 Nf6 2. c4 e6 3. Nc3 Bb4 4. e3 O-O 5. Nge2 b6 6. a3 Bxc3+ 7. Nxc3 Bb7 8.
d5 exd5 9. cxd5 Re8 10. Be2 c5 11. O-O d6 12. f3 a6 13. a4 Nbd7 14. e4 Nf8 15.
Be3 Ng6 16. Qd2 Qe7 17. Rae1 h6 18. Kh1 Rac8 1/2-1/2

[Event "GBR-ch105 Seniors 65"]
[Site "Hull"]
[Date "2018.08.03"]
[Round "6.15"]
[White "Levens, David G"]
[Black "McDonald, Ian"]
[Result "1/2-1/2"]
[WhiteElo "1909"]
[BlackElo "1726"]
[PlyCount "58"]
[EventDate "2018.07.29"]
[EventType "swiss"]
[EventRounds "7"]
[EventCountry "GBR"]

1. e4 e5 2. Nf3 Nc6 3. Bc4 Nf6 4. d3 Bc5 5. Nc3 h6 6. Be3 Bb6 7. a3 d6 8. Nd5
Nxd5 9. Bxd5 Ne7 10. Ba2 Be6 11. Qd2 Bxa2 12. Rxa2 Bxe3 13. fxe3 O-O 14. O-O f5
15. exf5 Nxf5 16. Qe1 c6 17. g4 Ne7 18. c3 Qd7 19. Qg3 Nd5 20. Re1 Nf6 21. h3
e4 22. Nh4 exd3 23. Nf5 Ne4 24. Qg2 d5 25. Raa1 Kh7 26. Rf1 g6 27. Ng3 Qd6 28.
Nh1 Qc5 29. Rfe1 Rf6 1/2-1/2

[Event "GBR-ch105 Seniors 65"]
[Site "Hull"]
[Date "2018.08.03"]
[Round "6.16"]
[White "Dawson, Alastair G"]
[Black "Goodwin, Ed H"]
[Result "1/2-1/2"]
[WhiteElo "1802"]
[BlackElo "1844"]
[PlyCount "38"]
[EventDate "2018.07.29"]
[EventType "swiss"]
[EventRounds "7"]
[EventCountry "GBR"]

1. c4 c5 2. Nf3 Nf6 3. d4 cxd4 4. Nxd4 Nc6 5. Nc3 g6 6. e4 d6 7. f3 Nxd4 8.
Qxd4 Bg7 9. Be3 O-O 10. Qd2 Be6 11. Be2 Qa5 12. O-O Rfc8 13. Nd5 Qxd2 14. Bxd2
Nxd5 15. cxd5 Bd7 16. Be3 b5 17. Bd3 a6 18. Rab1 h6 19. Kf2 Kh7 1/2-1/2

[Event "GBR-ch105 Seniors 65"]
[Site "Hull"]
[Date "2018.08.03"]
[Round "6.17"]
[White "Burnett, Jim"]
[Black "Donaghay, Richard H"]
[Result "1-0"]
[WhiteElo "2088"]
[BlackElo "1856"]
[PlyCount "137"]
[EventDate "2018.07.29"]
[EventType "swiss"]
[EventRounds "7"]
[EventCountry "GBR"]

1. d4 Nf6 2. c4 e5 3. dxe5 Ng4 4. e3 Nxe5 5. Nh3 Bb4+ 6. Bd2 Qe7 7. Nf4 Na6 8.
Be2 Bxd2+ 9. Qxd2 c6 10. Nc3 Nc7 11. O-O O-O 12. Rad1 Rd8 13. e4 d6 14. b3 Bg4
15. f3 Be6 16. Nxe6 fxe6 17. f4 Nf7 18. Bf3 e5 19. f5 Qf6 20. Bh5 Rd7 21. Bxf7+
Kxf7 22. Rf3 Rad8 23. Qf2 d5 24. cxd5 cxd5 25. exd5 Nxd5 26. Ne4 Qb6 27. Qxb6
Nxb6 28. Rdf1 Nd5 29. Nc5 Re7 30. Re1 Nf4 31. g3 Nh3+ 32. Kg2 Ng5 33. Rfe3 Rd2+
34. R1e2 Rxe2+ 35. Rxe2 b6 36. h4 bxc5 37. hxg5 h6 38. gxh6 gxh6 39. Kf3 Kf6
40. g4 h5 41. gxh5 Kxf5 42. h6 Rh7 43. Rh2 a5 44. Rh5+ Kg6 45. Rxe5 Rc7 46. Re4
Kxh6 47. Ra4 Kg6 48. Ke4 Kf6 49. Kd5 Ke7 50. Rxa5 c4 51. bxc4 Kd7 52. Ra8 Rb7
53. Rh8 Rb2 54. Rh7+ Kd8 55. Kc6 Rxa2 56. Rh8+ Ke7 57. c5 Rc2 58. Rc8 Rc1 59.
Kb7 Rb1+ 60. Kc7 Rc1 61. c6 Rc2 62. Rb8 Rc1 63. Rb2 Re1 64. Rd2 Ke8 65. Kc8 Re6
66. c7 Rc6 67. Rb2 Rc4 68. Kb7 Kd7 69. Rd2+ 1-0

[Event "GBR-ch105 Seniors 65"]
[Site "Hull"]
[Date "2018.08.03"]
[Round "6.18"]
[White "Phillips, William"]
[Black "Downham, Alan F"]
[Result "1/2-1/2"]
[WhiteElo "1862"]
[BlackElo "1990"]
[PlyCount "23"]
[EventDate "2018.07.29"]
[EventType "swiss"]
[EventRounds "7"]
[EventCountry "GBR"]

1. e4 g6 2. d4 Bg7 3. Nf3 c5 4. c3 cxd4 5. cxd4 d6 6. Bb5+ Bd7 7. Bxd7+ Nxd7 8.
O-O Ngf6 9. Nc3 Qb6 10. Qe2 O-O 11. Rd1 e5 12. dxe5 1/2-1/2

[Event "GBR-ch105 Seniors 65"]
[Site "Hull"]
[Date "2018.08.03"]
[Round "6.19"]
[White "Slinger, Anthony J"]
[Black "Stimpson, Philip M"]
[Result "1/2-1/2"]
[WhiteElo "1845"]
[BlackElo "1920"]
[PlyCount "29"]
[EventDate "2018.07.29"]
[EventType "swiss"]
[EventRounds "7"]
[EventCountry "GBR"]

1. e4 d5 2. exd5 Nf6 3. d4 Bg4 4. Bb5+ Nbd7 5. Be2 Bxe2 6. Qxe2 Nxd5 7. Nf3 e6
8. O-O c6 9. c4 N5f6 10. Nc3 Be7 11. Rd1 O-O 12. d5 cxd5 13. cxd5 exd5 14. Nxd5
Re8 15. Nxe7+ 1/2-1/2

[Event "GBR-ch105 Seniors 65"]
[Site "Hull"]
[Date "2018.08.03"]
[Round "6.20"]
[White "Fisher, C Phillip"]
[Black "Smith, David"]
[Result "1/2-1/2"]
[WhiteElo "1815"]
[BlackElo "1916"]
[PlyCount "96"]
[EventDate "2018.07.29"]
[EventType "swiss"]
[EventRounds "7"]
[EventCountry "GBR"]

1. e4 d6 2. d4 Nf6 3. Nc3 g6 4. f4 Bg7 5. Nf3 O-O 6. Be3 c6 7. Qd2 b5 8. e5 Ng4
9. Bg1 dxe5 10. h3 exd4 11. O-O-O Qa5 12. Nxd4 b4 13. Nb1 e5 14. hxg4 exd4 15.
Bxd4 Bxg4 16. Bxg7 Kxg7 17. Qd4+ Kg8 18. Rd2 Nd7 19. Bc4 Qc5 20. Qd3 Bf5 21.
Qb3 a5 22. a4 Nb6 23. Bxf7+ Rxf7 24. Rxh7 Raf8 25. Rh4 Nc4 26. Rd1 Ne3 27. Rdh1
Qxc2+ 28. Qxc2 Nxc2 29. g4 Be4 30. R1h2 Rg7 31. Nd2 Rxf4 32. Nxe4 Rxe4 33. Kxc2
Kf7 34. Rf2+ Ke7 35. Kd3 Re6 36. g5 Re5 37. Re4 Rxe4 38. Kxe4 Rf7 39. Rc2 Kd6
40. Rd2+ Kc7 41. b3 Rf5 42. Rg2 Rf1 43. Rg3 Kd6 44. Rd3+ Ke6 45. Rd8 Re1+ 46.
Kf4 Rc1 47. Rg8 Kf7 48. Rd8 Rc3 1/2-1/2

[Event "GBR-ch105 Seniors 65"]
[Site "Hull"]
[Date "2018.08.03"]
[Round "6.21"]
[White "Brown, Geoffrey M"]
[Black "Tidmarsh, David A"]
[Result "1/2-1/2"]
[WhiteElo "1897"]
[BlackElo "1818"]
[PlyCount "106"]
[EventDate "2018.07.29"]
[EventType "swiss"]
[EventRounds "7"]
[EventCountry "GBR"]

1. f4 d5 2. Nf3 Nf6 3. e3 g6 4. b3 Bg7 5. Bb2 O-O 6. Be2 Nc6 7. Ne5 Re8 8. Nxc6
bxc6 9. O-O Ne4 10. Bxg7 Kxg7 11. d3 Nd6 12. g4 f5 13. g5 e5 14. Qd2 Bb7 15. h4
Qe7 16. Kf2 exf4 17. exf4 Nb5 18. c3 a6 19. a4 Nd6 20. Na3 Rad8 21. Rfe1 Qf7
22. Qb2 Kg8 23. Nc2 Re7 24. Bf3 Rde8 25. Rxe7 Rxe7 26. Re1 Rxe1 27. Nxe1 Qe7
28. b4 Nf7 29. Nc2 Qd6 30. Qc1 Nd8 31. Qe3 Ne6 32. Kg3 Kf7 33. Nd4 Nxd4 34.
Qxd4 Qe7 35. Kf2 Qd6 36. a5 Bc8 37. h5 gxh5 38. Bxh5+ Kg8 39. Qe5 Bd7 40. Be2
c5 41. Bf3 Qxe5 42. fxe5 d4 43. cxd4 cxb4 44. Ke3 Kf7 45. d5 Kg6 46. Kf4 Ba4
47. d6 cxd6 48. exd6 b3 49. Bd5 b2 50. Ba2 Bd7 51. Bb1 Bc8 52. d4 Bd7 53. Bd3
Bc8 1/2-1/2

[Event "GBR-ch105 Seniors 65"]
[Site "Hull"]
[Date "2018.08.03"]
[Round "6.22"]
[White "Moore, Gillian A"]
[Black "Walkowiak, Adam"]
[Result "1/2-1/2"]
[WhiteElo "1835"]
[BlackElo "1702"]
[PlyCount "129"]
[EventDate "2018.07.29"]
[EventType "swiss"]
[EventRounds "7"]
[EventCountry "GBR"]

1. d4 Nf6 2. Bg5 d5 3. Bxf6 gxf6 4. c4 c6 5. cxd5 Qxd5 6. Nc3 Qa5 7. e3 Bf5 8.
Rc1 Bg6 9. Nf3 h5 10. g3 e6 11. Bg2 Nd7 12. O-O Bh6 13. Re1 Rd8 14. Nh4 Bh7 15.
Qe2 Qg5 16. Ne4 Bxe4 17. Bxe4 Bg7 18. Bg2 f5 19. Nf3 Qg6 20. Rcd1 Bf6 21. h4
Nb6 22. b3 Rg8 23. Qb2 Nd5 24. Kh1 f4 25. exf4 Nxf4 26. Bf1 Nd5 27. Bh3 Kd7 28.
Ne5+ Bxe5 29. dxe5 Kc7 30. a3 Rd7 31. Qc1 Rgd8 32. Bg2 Qg7 33. Kh2 Qg4 34. b4
Kb8 35. Qc5 Qg6 36. Qc1 Qg7 37. Bh3 Nc7 38. Rxd7 Rxd7 39. Bg2 Qf8 40. Rd1 Qd8
41. Rxd7 Qxd7 42. Qc5 Nb5 43. Qe3 Qd4 44. Qxd4 Nxd4 45. Be4 Nf5 46. Kg2 Ng7 47.
Kf3 Kc7 48. Kf4 Kd7 49. Kg5 Ke7 50. a4 Kf8 51. Kh6 Kg8 52. Kg5 Kf8 53. f3 Kg8
54. g4 hxg4 55. fxg4 Ne8 56. h5 Kg7 57. h6+ Kf8 58. Kf4 Kg8 59. g5 Nc7 60. Kf3
Nd5 61. b5 a6 62. bxa6 bxa6 63. g6 fxg6 64. Bxg6 a5 65. Bc2 1/2-1/2

[Event "GBR-ch105 Seniors 65"]
[Site "Hull"]
[Date "2018.08.03"]
[Round "6.23"]
[White "Mitchell, Robert"]
[Black "Collins, Peter M"]
[Result "0-1"]
[WhiteElo "1527"]
[BlackElo "1901"]
[PlyCount "94"]
[EventDate "2018.07.29"]
[EventType "swiss"]
[EventRounds "7"]
[EventCountry "GBR"]

1. d4 Nf6 2. Bf4 g6 3. e3 Bg7 4. Be2 d6 5. Nf3 O-O 6. O-O a6 7. a4 Nh5 8. Bg5
h6 9. Bh4 g5 10. Nxg5 hxg5 11. Bxg5 Nf6 12. Bxf6 exf6 13. Bd3 f5 14. Qh5 Qf6
15. g4 Qg6 16. Qxg6 fxg6 17. g5 Nc6 18. Bc4+ Kh7 19. f4 Nd8 20. Rf3 Be6 21.
Bxe6 Nxe6 22. Nc3 c5 23. d5 Nc7 24. Rd1 b5 25. axb5 axb5 26. Kf2 b4 27. Ne2 Ra2
28. Rh3+ Kg8 29. Rb1 Rxb2 30. Rxb2 Bxb2 31. Rf3 Nxd5 32. Ng3 Nc3 33. Ke1 Ne4
34. Nxe4 fxe4 35. Rf2 Ra8 36. Kf1 Ra1+ 37. Kg2 Re1 38. Rd2 Rxe3 39. Rxd6 Kf7
40. Rd5 Re2+ 41. Kg3 Rxc2 42. Rd7+ Ke6 43. Rd8 e3 44. Re8+ Kf7 45. Rxe3 Rc3 46.
Kf3 Rxe3+ 47. Kxe3 Bc1+ 0-1

[Event "GBR-ch105 Seniors 65"]
[Site "Hull"]
[Date "2018.08.03"]
[Round "6.24"]
[White "Procter, Colin S"]
[Black "Cresswell, Mike J"]
[Result "1/2-1/2"]
[WhiteElo "1780"]
[BlackElo "1692"]
[PlyCount "48"]
[EventDate "2018.07.29"]
[EventType "swiss"]
[EventRounds "7"]
[EventCountry "GBR"]

1. d4 Nf6 2. Bf4 g6 3. Nc3 d6 4. e4 Bg7 5. Qd2 Nc6 6. Nf3 O-O 7. O-O-O Bg4 8.
h3 Bxf3 9. gxf3 e5 10. dxe5 Nxe5 11. Be2 Qe8 12. Bh6 Qe6 13. Bxg7 Kxg7 14. Nd5
Nxd5 15. Qxd5 Qxd5 16. Rxd5 f5 17. f4 Nc6 18. exf5 Rxf5 19. Rxf5 gxf5 20. c3
Ne7 21. Bf3 c6 22. Rg1+ Kf6 23. Rg5 Rg8 24. Rxg8 Nxg8 1/2-1/2

[Event "GBR-ch105 Seniors 65"]
[Site "Hull"]
[Date "2018.08.03"]
[Round "6.25"]
[White "Illingworth, John B"]
[Black "Ramage, Colin R"]
[Result "0-1"]
[WhiteElo "1631"]
[BlackElo "1802"]
[PlyCount "74"]
[EventDate "2018.07.29"]
[EventType "swiss"]
[EventRounds "7"]
[EventCountry "GBR"]

1. Nf3 Nc6 2. d4 d5 3. c4 e6 4. Bg5 Be7 5. Bf4 Nf6 6. Nc3 dxc4 7. e3 Nd5 8. Bg3
Nxc3 9. bxc3 O-O 10. Bxc4 b6 11. Bd3 Bb7 12. Qc2 h6 13. Bf4 Bf6 14. Ne5 Nxe5
15. dxe5 Bg5 16. Bg3 c5 17. Rd1 Qc7 18. h4 Be7 19. Bf4 Rfd8 20. Qe2 c4 21. Bc2
Rxd1+ 22. Qxd1 Qc6 23. e4 Kh8 24. g4 Rg8 25. Qd2 Kh7 26. h5 Qc7 27. Qe3 Qd8 28.
Bg3 Bc5 29. Qe2 b5 30. f4 Qa5 31. Qf3 Qxa2 32. Rh2 Qa1+ 33. Ke2 Qb2 34. Kf1
Qc1+ 35. Be1 b4 36. cxb4 Bxb4 37. Re2 Bxe1 0-1

[Event "GBR-ch105 Seniors 65"]
[Site "Hull"]
[Date "2018.08.03"]
[Round "6.26"]
[White "Calvert, John C"]
[Black "Price, Andrew"]
[Result "0-1"]
[WhiteElo "1494"]
[BlackElo "1779"]
[PlyCount "54"]
[EventDate "2018.07.29"]
[EventType "swiss"]
[EventRounds "7"]
[EventCountry "GBR"]

1. e4 d6 2. d4 Nf6 3. Nc3 g6 4. f3 Nbd7 5. Be3 c6 6. Bc4 Nb6 7. Bb3 Qc7 8. Nge2
Bd7 9. Qd2 c5 10. d5 c4 11. Nd4 cxb3 12. Nxb3 Nc4 13. Qc1 Nxe3 14. Qxe3 Bg7 15.
O-O O-O 16. Kh1 b5 17. Rac1 h5 18. Rf2 Kh7 19. Rd1 Ng8 20. Nd4 a6 21. Kg1 Rac8
22. Rd3 Nh6 23. Kh1 Bf6 24. g3 b4 25. Nb1 Qb6 26. c4 bxc3 27. Nxc3 Rc4 0-1

[Event "GBR-ch105 Seniors 65"]
[Site "Hull"]
[Date "2018.08.04"]
[Round "7.2"]
[White "McDonald, Ian"]
[Black "Jackson, Oliver A"]
[Result "0-1"]
[WhiteElo "1726"]
[BlackElo "2143"]
[PlyCount "112"]
[EventDate "2018.07.29"]
[EventType "swiss"]
[EventRounds "7"]
[EventCountry "GBR"]

1. e4 c5 2. c3 Nf6 3. e5 Nd5 4. d4 cxd4 5. cxd4 e6 6. Nc3 Nxc3 7. bxc3 Qc7 8.
Bd2 d6 9. Nf3 Nd7 10. exd6 Bxd6 11. Bd3 b6 12. Qe2 Nf6 13. h3 O-O 14. O-O Bb7
15. Ne5 Bxe5 16. dxe5 Nd7 17. f4 Nc5 18. Be3 Bd5 19. Rf2 Rac8 20. Bd4 Rfd8 21.
f5 exf5 22. Bxf5 Be6 23. Be4 b5 24. Qe3 Nxe4 25. Qxe4 Qc4 26. a3 a5 27. Qe2 Qc6
28. Qe3 Rd7 29. Bb6 a4 30. Bd4 h6 31. Kh2 Bd5 32. Rb1 Re8 33. Qe2 Bc4 34. Qf3
Qg6 35. Rg1 Bd5 36. Qe2 Qc6 37. Rb1 Rb7 38. g3 Re6 39. Rg1 Qe8 40. g4 Qe7 41.
Qb2 Rg6 42. Rf4 Qd7 43. Qf2 Be6 44. Qf3 Rb8 45. Qe3 Rc8 46. Rf3 Qd5 47. Rf2 Re8
48. Qc1 Rg5 49. Rf4 Qd8 50. Qe3 Qe7 51. Bc5 Qb7 52. Bd4 Bd5 53. h4 Rg6 54. g5
Qe7 55. gxh6 Rxh6 56. Bc5 Rxh4+ 0-1

[Event "GBR-ch105 Seniors 65"]
[Site "Hull"]
[Date "2018.08.04"]
[Round "7.3"]
[White "Habershon, Paul F"]
[Black "Jones, Chris"]
[Result "1/2-1/2"]
[WhiteElo "2023"]
[BlackElo "2007"]
[PlyCount "46"]
[EventDate "2018.07.29"]
[EventType "swiss"]
[EventRounds "7"]
[EventCountry "GBR"]

1. Nf3 Nf6 2. d4 d5 3. c4 e6 4. Nc3 Be7 5. g3 O-O 6. Bg2 dxc4 7. O-O c5 8. dxc5
Qxd1 9. Rxd1 Bxc5 10. Ne5 Nbd7 11. Nxc4 Nb6 12. Be3 Bxe3 13. Nxe3 a6 14. Rd6
Nbd7 15. Rad1 Rb8 16. f4 Re8 17. Nc4 Kf8 18. R6d2 Re7 19. Nd6 Nb6 20. h3 Rc7
21. e4 Bd7 22. e5 Ne8 23. Rd4 Bc6 1/2-1/2